000 00874nas a2200265 4500
001 BR0901444
003 BR-BrBNA
005 20231205113221.0
007 ta
008 230509b bl.|||p| |||| 00| 00por d
040 _aBR-BrBNA
_bpor
_cBiblioteca Nacional de Agricultura
041 _a(Pt)
072 _aL02
100 1 _aCarciofi, A.C.
111 1 _a44. Reunião Anual da Sociedade Brasileira de Zootecnia
_cJaboticabal, SP (Brazil)
_d(24-27 Jul 2007)
245 1 _aMétodos para estudo das respostas metabólicas de cães e gatos a diferentes alimentos
650 _aCARBOIDRATO
650 _aINSULINA
650 _aMETABOLISMO ANIMAL
650 _aGLICOSE
650 _aPH
773 0 _tRevista Brasileira de Zootecnia (Brazil)
_xISSN 1516-3598
_g(Jul 2007), v. 36 p. 235-249
_wBR0901444
909 _a202311
_bLúcia
_c55
_dLúcia Elande
942 _2AGRIS
_n0
_cANA
999 _c202516
_d202516